000 00785nam a2200253 a 4500
001 000044096
003 DO-SdBPM
005 20241016125247.0
008 140515s2014 dr r 000 p spa d
020 _a9789945581201
040 _a DO-SdBPM
_bspa
_cBPMSU
082 4 _aRD861. 5
_bA485a 2014
_222
100 1 _aAmaro, Valentín
_d1969-
245 1 3 _aEl ave rasga su memoria /
_cValentín Amaro
260 _aSan Juan, República Dominicana :
_bIsla Negra,
_c2014.
300 _a62 p. ;
_c22 cm.
490 0 _aFilo de juego
500 _aIncluye datos biográficos del autor en la solapa de la cubierta.
590 _aInventariado, 2024/VM
650 4 _aPoesía dominicana
650 4 _aLiteratura dominicana.
910 _aVMateo V. Control de calidad. BPMSU
942 _2ddc
_cBK
999 _c14830
_d14830